Ciudades más pobladas del Centro de México - Estadísticas

Estadísticas generales
  • Esta prueba ha sido intentada 38 veces
    10 desde el último reinicio
  • La puntuación promedio es 19 de 24
Estadísticas de respuestas
Región Estado Ciudad % Correcto
Centro Norte Aguascalientes Aguascalientes
100%
Centro Norte Guanajuato Celaya
100%
Centro Sur Morelos Cuernavaca
100%
Centro Sur Estado de México Ecatepec
100%
Centro Norte Zacatecas Fresnillo
100%
Centro Norte Guanajuato Irapuato
100%
Centro Norte Guanajuato León
100%
Centro Sur Estado de México Nezahualcóyotl
100%
Centro Norte Querétaro Querétaro
100%
Centro Norte Querétaro San Juan del Río
100%
Centro Norte San Luis Potosí San Luis Potosí
100%
Centro Norte Zacatecas Zacatecas
100%
Centro Sur Ciudad de México Gustavo A. Madero
89%
Centro Sur Ciudad de México Iztapalapa
89%
Centro Sur Morelos Cuautla
78%
Centro Sur Estado de México Naucalpan
78%
Centro Sur Ciudad de México Álvaro Obregón
56%
Centro Norte San Luis Potosí Ciudad Valles
56%
Centro Norte Querétaro El Pueblito
56%
Centro Norte Aguascalientes Jesús María
56%
Centro Norte Zacatecas Guadalupe
44%
Centro Sur Morelos Jiutepec
44%
Centro Norte Aguascalientes Pabellón de Arteaga
44%
Centro Norte San Luis Potosí Soledad
44%
No se encontraron pruebas coincidentes
Distribución de puntuación
Porcentaje de gente con cada puntuación
Porcentaje por número respondido
Historial de tus puntuaciones
No has intentado esta prueba desde el último reinicio